Omeros
Guardat en:
| Autor principal: | |
|---|---|
| Format: | Llibre |
| Idioma: | espanyol anglès |
| Publicat: |
Barcelona
Anagrama
1994
|
| Col·lecció: | Panoramas de Narrativas
|
| Matèries: | |
| Etiquetes: |
Afegir etiqueta
Sense etiquetes, Sigues el primer a etiquetar aquest registre!
|
MARC
| LEADER | 00000nam a2200000 a 4500 | ||
|---|---|---|---|
| 001 | UCI9192 | ||
| 003 | CL-VaPUC | ||
| 008 | 081030e19940000SP |||||||||||||||||spa|d | ||
| 020 | |a 8433906593 | ||
| 041 | 0 | 7 | |a spa |2 CL-VaPUC |
| 041 | 0 | 7 | |a eng |2 CL-VaPUC |
| 082 | 0 | 4 | |a 819.87 |b WAL |2 21 |
| 100 | 0 | |a Walcott, Derek |e author |9 532803 | |
| 245 | 1 | 0 | |a Omeros |
| 300 | |a 449 p | ||
| 942 | |c BK | ||
| 945 | |d 20081030 00:00:00 |a rbrito | ||
| 260 | |a Barcelona |b Anagrama |c 1994 | ||
| 650 | 7 | |a POESIAS ANTILLANAS |2 CL-VaPUC |9 407293 | |
| 651 | 7 | |a TRINIDAD Y TOBAGO |2 CL-VaPUC |9 335622 | |
| 583 | |a last modification |c 20081030 00:00:00 |k Rodrigo Vera | ||
| 490 | 0 | |a Panoramas de Narrativas | |
| 999 | |c 331779 |d 331777 | ||
| 952 | |0 0 |1 0 |4 0 |6 819_870000000000000_WAL_1994 |7 0 |8 A |9 418888 |a BIBARQ |b BIBARQ |d 2019-11-22 |i 4491386 |o 819.87 WAL 1994 |p 4491386 |r 2025-01-20 |w 2019-11-22 |y BK |k ARQ | ||